Uncharted waters / (Record no. 2349)

000 -LEADER
fixed length control field nam a22 a 4500
003 - CONTROL NUMBER IDENTIFIER
control field AKMAL
005 - DATE AND TIME OF LATEST TRANSACTION
control field 20170516103803.0
008 - FIXED-LENGTH DATA ELEMENTS--GENERAL INFORMATION
fixed length control field 170516s1986 xxu 00 eng d
020 ## - INTERNATIONAL STANDARD BOOK NUMBER
International Standard Book Number 0833226207
040 ## - CATALOGING SOURCE
Original cataloging agency AKMAL
Transcribing agency AKMAL
082 04 - DEWEY DECIMAL CLASSIFICATION NUMBER
Classification number 418.4 MAT
090 10 - LOCALLY ASSIGNED LC-TYPE CALL NUMBER (OCLC); LOCAL CALL NUMBER (RLIN)
Local cutter number (OCLC) ; Book number/undivided call number, CALL (RLIN) MAT
245 00 - TITLE STATEMENT
Title Uncharted waters /
Statement of responsibility, etc. by Louise Matteoni ... [et al]
260 ## - PUBLICATION, DISTRIBUTION, ETC.
Place of publication, distribution, etc. Oklahoma City :
Name of publisher, distributor, etc. The Economy Reading Co.,
Date of publication, distribution, etc. c1986
300 ## - PHYSICAL DESCRIPTION
Extent 544p. :
Other physical details col. ill. ;
Dimensions 24cm
440 ## - SERIES STATEMENT/ADDED ENTRY--TITLE
Title Economy reading series
9 (RLIN) 4880
650 ## - SUBJECT ADDED ENTRY--TOPICAL TERM
Topical term or geographic name entry element Readers
9 (RLIN) 4881
700 1# - ADDED ENTRY--PERSONAL NAME
Personal name Matteoni, Louise
9 (RLIN) 4882
942 ## - ADDED ENTRY ELEMENTS (KOHA)
Source of classification or shelving scheme
Koha item type Book
Holdings
Withdrawn status Lost status Source of classification or shelving scheme Damaged status Not for loan Collection code Home library Current library Date acquired Inventory number Total Checkouts Full call number Barcode Date last seen Price effective from Koha item type
          NON-FICTION AKMAL Melaka AKMAL Melaka 16.05.2017 400249   418.4 MAT 201706676 16.05.2017 16.05.2017 Book
Pusat Sumber Maklumat Dato' Haji Sarmin Md Hussin, Akademi Kastam Diraja Malaysia, Melaka
Tel: 06-2331106 | Faks: 06-2313787